000 00492nam a2200181Ia 4500
008 151018s9999 xx 000 0 und d
082 _bRBASDV24092
_a891.463
100 _aवसंत देशमुख
245 _aमकरंद
250 _b1
260 _bमंजिरी
_c1977
300 _a112
600 _aवसंत देशमुख
630 _aमकरंद
700 _aवसंत देशमुख
730 _aमकरंद
942 _cBOOK
999 _c1023738
_d1023735